La necesidad de una enfermera escolar en las escuelas publicas del barrio El Pozon zona sur oriental de Cartagena / (Registro nro. 3645)

Detalles MARC
000 -LEADER
fixed length control field 01462nam a2200313 4500
003 - CONTROL NUMBER IDENTIFIER
control field CO-CtgCURN
005 - DATE AND TIME OF LATEST TRANSACTION
control field 20250329165428.0
008 - FIXED-LENGTH DATA ELEMENTS--GENERAL INFORMATION
fixed length control field 160531s2002 000 0 eng d
040 ## - CATALOGING SOURCE
Original cataloging agency CO-CtgCURN
Language of cataloging spa
Transcribing agency coctgcurn
082 0# - DEWEY DECIMAL CLASSIFICATION NUMBER
Classification number ENF 2002
Item number C764
245 03 - TITLE STATEMENT
Title La necesidad de una enfermera escolar en las escuelas publicas del barrio El Pozon zona sur oriental de Cartagena /
Statement of responsibility, etc. Marlene Contreras Zuñiga ... [et al.] ; asesor, Martha Cecilia Rojas.
260 ## - PUBLICATION, DISTRIBUTION, ETC.
Place of publication, distribution, etc. Cartagena de Indias :
Name of publisher, distributor, etc. Corporación Universitaria Rafael Núñez,
Date of publication, distribution, etc. 2002.
300 ## - PHYSICAL DESCRIPTION
Extent 105 h.
336 ## - CONTENT TYPE
Source rdacontent
337 ## - MEDIA TYPE
Source rdamedia
Media type term sin mediacion
Media type code n
338 ## - CARRIER TYPE
Source rdacarrier
Carrier type term volumen
Carrier type code nc
502 ## - DISSERTATION NOTE
Dissertation note Trabajo de grado (Enfermera (o)). Corporacion Universitaria Rafael Nuñez. Facultad de Ciencias de la Salud. Programa de Enfermeria, 2002.
504 ## - BIBLIOGRAPHY, ETC. NOTE
Bibliography, etc. note Incluye bibliografia.
590 ## - LOCAL NOTE (RLIN)
Local note Enfemeria
650 #0 - SUBJECT ADDED ENTRY--TOPICAL TERM
Topical term or geographic name entry element Enfermeria
Form subdivision Tesis y disertaciones academicas.
700 1# - ADDED ENTRY--PERSONAL NAME
Personal name Contreras Zuñiga, Marlene.
700 1# - ADDED ENTRY--PERSONAL NAME
Personal name Corrales Royero, Edith Cecilia.
700 1# - ADDED ENTRY--PERSONAL NAME
Personal name Jimenez Orozco, Mabel.
700 1# - ADDED ENTRY--PERSONAL NAME
Personal name Ruiz Marriaga, Mabel.
700 1# - ADDED ENTRY--PERSONAL NAME
Personal name Cecilia Rojas, Martha,
Relator term asesor.
856 7# - ELECTRONIC LOCATION AND ACCESS
Uniform Resource Identifier <a href="https://unicurn.sharepoint.com/:b:/s/biblioteca/ETfsVhi7yJ5Eh6hpxwNnB0gBBpJbbrPhC_9w0p-ct3qzPg?e=hDVL1M">https://unicurn.sharepoint.com/:b:/s/biblioteca/ETfsVhi7yJ5Eh6hpxwNnB0gBBpJbbrPhC_9w0p-ct3qzPg?e=hDVL1M</a>
Public note Click aqui para ver el recurso en texto completo
942 ## - ADDED ENTRY ELEMENTS (KOHA)
Classification part ENF 2002
Item part C764
Source of classification or shelving scheme Dewey Decimal Classification
Koha item type Trabajos de grado
Existencias
Withdrawn status Lost status Source of classification or shelving scheme Damaged status Not for loan Collection Home library Current library Shelving location Date acquired Cost, normal purchase price Inventory number Total checkouts Full call number Barcode Date last seen Price effective from Koha item type
    Dewey Decimal Classification     Trabajos de grado Miguel Henríquez Emiliani Miguel Henríquez Emiliani Trabajo de grado 03/16/2018 35000.00 019785   ENF 2002 C764 019785 03/16/2018 03/16/2018 Trabajos de grado